00472nam a2200157Ia 4500008004100000040001900041041001200060082003700072245005500109260004200164300001800206504002200224650001800246700002800264850002200292131103s9999 xx 000 0 und d aLoreto College aEnglish a572.954/BOSbLCLIB/(press)/22174 aPeasant life in indiacEdited by Nirmol Kumar Bose aCalcuttabAnthropologial surveyc1967 a60p. c 28nm. aIncludes appendex aBio chimistry aBose, Nirmol Kumar; ed. aLCLIB/572.954/BOS